| 000 | 01180nam a22002657a 4500 | ||
|---|---|---|---|
| 001 | 7430 | ||
| 003 | FISKH | ||
| 005 | 20250814143739.0 | ||
| 008 | 250715b cb ||||| |||| 00| 0 eng d | ||
| 020 | _a9789833578924 | ||
| 040 |
_aFISKH _beng _cFISKH _dFISKH |
||
| 050 | _aPZ7 | ||
| 082 | _a 428.6 | ||
| 100 | _aAnonymous | ||
| 245 | _aThe secret garden / | ||
| 260 |
_aKuala Lumpur : _bFuture ACE, _c2010. |
||
| 300 |
_a22 pages : _bcolor illustrations ; _c26 cm |
||
| 505 | _aJ | ||
| 520 | _aThe Secret Garden follows Mary Lennox, a spoiled and lonely girl sent to live with her uncle in Yorkshire after her parents die in India. At Misselthwaite Manor, Mary discovers a mysterious walled garden that has been locked for years. With the help of new friends—Martha the maid, Dickon the nature-loving boy, and her sickly cousin Colin—Mary brings the secret garden back to life. Through nature, friendship, and kindness, the children experience healing and personal growth.c | ||
| 521 | 8 |
_a500
_bLexile estimate |
|
| 521 | 8 |
_aJ
_bRaz-Plus |
|
| 650 |
_aClassic Literature _vChildren’s Fiction _xAdapted Classic |
||
| 942 |
_2ddc _cBK _n0 |
||
| 999 |
_c7430 _d7430 |
||